| 000 | 00682nam a2200205 a 4500 | ||
|---|---|---|---|
| 005 | 20140310183457.0 | ||
| 008 | 091109s19uu xx 00 eng d | ||
| 020 | _a9781405177665 | ||
| 050 |
_aRC 455.2.E8 _b.An53 2010 |
||
| 100 | _aAnderson, Sharon K. | ||
| 245 |
_aEthics for psychotherapists and counselors : _ba proactive approach / _cSharon K. Anderson, Mitchell M. Handelsman. |
||
| 260 |
_aUnited Kingdom : _bBlackwell Publishing, _c2010. |
||
| 300 |
_a253 p. : _bill. ; _c23 cm. |
||
| 521 | _aPSYCH | ||
| 650 |
_aCounseling _xethics. |
||
| 650 |
_aPsychotherapists _xProfessional ethics. |
||
| 700 | _aHandelsman, Mitchell M. | ||
| 942 |
_cBK _2lcc _kFOR |
||
| 999 |
_c23718 _d23718 |
||